000
00364nam a2200145Ia 4500
008
090122s9999 xx 000 0 und d
082
_b
3991
_a
O155:W
100
_a
करंदीकर
_b
सुमा
245
_a
रास
600
_a
करंदीकर
630
_a
रास
700
_a
करंदीकर
730
_a
रास
942
_c
BOOK
999
_c
28069
_d
28069